[Event "Rostock SSC op 18th"]
[Site "Rostock"]
[Date "2019.08.07"]
[Round "2"]
[White "Breuel, Steffen"]
[Black "Seichter, Andreas"]
[Result "0-1"]
[WhiteElo "1462"]
[BlackElo "1697"]
[PlyCount "42"]
[EventDate "2019.08.07"]
[EventType "swiss"]
[EventRounds "7"]
[EventCountry "GER"]
[SourceTitle "EXT 2020"]
[Source "ChessBase"]
[SourceDate "2019.10.17"]
[SourceVersion "1"]
[SourceVersionDate "2019.10.17"]
[SourceQuality "1"]

1. d4 d5 2. e4 dxe4 3. Nc3 Nf6 4. f3 exf3 5. Nxf3 Bg4 6. h3 Bf5 7. Bc4 Qd6 8. 0-0 Nbd7 9. Nb5 Qc6 10. Ne5 Nxe5 11. dxe5 Qxc4 12. Nc3 Qc5+ 13. Kh1 Qxe5 14. Bf4 Qc5 15. Qe2 Be6 16. Rad1 Bc4 17. Qf3 Bxf1 18. Qxb7 Bxg2+ 19. Kxg2 Rd8 20. Rxd8+ Kxd8 21. Nb5 Qd5+ 0-1

[Event "Rostock SSC op 13th"]
[Site "Rostock"]
[Date "2014.07.25"]
[Round "4"]
[White "Orthmann, Ralf"]
[Black "Breuel, Steffen"]
[Result "0-1"]
[WhiteElo "1028"]
[BlackElo "1136"]
[PlyCount "108"]
[EventDate "2014.07.23"]
[EventType "swiss"]
[EventRounds "7"]
[EventCountry "GER"]
[SourceTitle "EXT 2018"]
[Source "ChessBase"]
[SourceDate "2017.10.13"]
[SourceVersion "1"]
[SourceVersionDate "2017.10.13"]
[SourceQuality "1"]

1. d4 d5 2. Nf3 Nf6 3. e3 e6 4. Bd3 c5 5. c3 Nc6 6. Nbd2 b6 7. 0-0 Bb7 8. Re1 cxd4 9. exd4 Bd6 10. c4 0-0 11. a3 Rc8 12. b4 dxc4 13. Nxc4 Bb8 14. Bg5 h6 15. Bxf6 Qxf6 16. Be4 Rfd8 17. Bxc6 Bxc6 18. Qb3 Bxf3 19. Qxf3 Qxf3 20. gxf3 Rxc4 21. Re4 Rcxd4 22. Rg4 Rd1+ 23. Rxd1 Rxd1+ 24. Kg2 Ra1 25. Rc4 Be5 26. f4 Bd6 27. Rd4 Be7 28. Rd3 a5 29. bxa5 bxa5 30. Rd7 Kf8 31. Ra7 Rxa3 32. Ra8+ Bd8 33. Rxd8+ Ke7 34. Ra8 Kf6 35. f3 Kf5 36. Kg3 Ra4 37. Ra7 Kg6 38. Kg4 f5+ 39. Kg3 Ra1 40. Ra6 Kf6 41. Kh4 Ra4 42. Kg3 h5 43. h4 Ra1 44. Kf2 g6 45. Kg3 a4 46. Ra5 a3 47. Ra6 a2 48. Kg2 Ke7 49. Ra7+ Kd6 50. Ra6+ Kc5 51. Ra5+ Kb4 52. Ra8 Kc3 53. Kf2 Rh1 54. Rxa2 Rh2+ 0-1

[Event "Rostock SSC op 13th"]
[Site "Rostock"]
[Date "2014.07.23"]
[Round "1"]
[White "Breuel, Steffen"]
[Black "Maertin, Heinz"]
[Result "0-1"]
[WhiteElo "1136"]
[BlackElo "1925"]
[PlyCount "64"]
[EventDate "2014.07.23"]
[EventType "swiss"]
[EventRounds "7"]
[EventCountry "GER"]
[SourceTitle "EXT 2018"]
[Source "ChessBase"]
[SourceDate "2017.10.13"]
[SourceVersion "1"]
[SourceVersionDate "2017.10.13"]
[SourceQuality "1"]

1. d4 Nf6 2. Nc3 d5 3. Bg5 Nbd7 4. Nf3 e6 5. Qd2 Be7 6. 0-0-0 0-0 7. h3 c5 8. e3 a6 9. dxc5 Nxc5 10. Qd4 b5 11. a3 Nce4 12. Bh4 Nxc3 13. Qxc3 Ne4 14. Bxe7 Qxe7 15. Qe1 Bb7 16. Bd3 Nf6 17. Nd4 Qc7 18. f3 e5 19. Nf5 e4 20. Be2 Rac8 21. c3 Qe5 22. Nd4 exf3 23. Bxf3 Rfe8 24. Rd3 Rc4 25. b3 Rc5 26. Kb2 Rec8 27. g4 Ne4 28. Ne2 a5 29. Bxe4 Qxe4 30. Nf4 b4 31. cxb4 Rc2+ 32. Kb1 g5 0-1

[Event "Rostock SSC 07 op 11th"]
[Site "Rostock"]
[Date "2012.08.03"]
[Round "4"]
[White "Lindemann, Antje"]
[Black "Breuel, Steffen"]
[Result "1-0"]
[WhiteElo "1662"]
[BlackElo "1165"]
[PlyCount "51"]
[EventDate "2012.08.01"]
[EventType "swiss"]
[EventRounds "7"]
[EventCountry "GER"]
[SourceTitle "EXT 2017"]
[Source "ChessBase"]
[SourceDate "2016.10.25"]
[SourceVersion "1"]
[SourceVersionDate "2016.10.25"]
[SourceQuality "1"]

1. e4 c5 2. c3 d6 3. d4 cxd4 4. cxd4 e6 5. Nf3 Ne7 6. Nc3 a6 7. Be2 g6 8. 0-0 Bg7 9. Be3 0-0 10. Rc1 d5 11. e5 Nbc6 12. Bd3 Nf5 13. Bxf5 gxf5 14. Qd2 Kh8 15. Ne2 f6 16. Bh6 Rg8 17. Bf4 fxe5 18. dxe5 Bf8 19. a3 Na5 20. Ng5 Nb3 21. Nf7+ Kg7 22. Nxd8 Nxd2 23. Bxd2 Bd7 24. Nxb7 Bb5 25. Rc7+ Kh8 26. Re1 1-0

[Event "Rostock SSC 07 op 11th"]
[Site "Rostock"]
[Date "2012.08.03"]
[Round "5"]
[White "Patrias, Joachim"]
[Black "Breuel, Steffen"]
[Result "1/2-1/2"]
[WhiteElo "1569"]
[BlackElo "1165"]
[PlyCount "71"]
[EventDate "2012.08.01"]
[EventType "swiss"]
[EventRounds "7"]
[EventCountry "GER"]
[SourceTitle "EXT 2017"]
[Source "ChessBase"]
[SourceDate "2016.10.25"]
[SourceVersion "1"]
[SourceVersionDate "2016.10.25"]
[SourceQuality "1"]

1. e4 c5 2. Nf3 Nc6 3. d4 cxd4 4. Nxd4 e5 5. Nb3 Qc7 6. Be2 Be7 7. Be3 Nf6 8. N1d2 d5 9. exd5 Nxd5 10. Nf1 Nxe3 11. Nxe3 Be6 12. 0-0 Rd8 13. Qe1 0-0 14. Bd3 Nd4 15. Nxd4 exd4 16. Nd1 Bc4 17. Qe4 f5 18. Qf3 Bd5 19. Qh3 g6 20. b3 Kh8 21. Nb2 Bf6 22. f4 Rfe8 23. Qg3 Re3 24. Qf2 Rde8 25. Rae1 Qa5 26. Rxe3 dxe3 27. Qe2 Bxb2 28. a4 Qd2 29. Rd1 Qxe2 30. Bxe2 Be4 31. Rd7 Bxc2 32. Rxb7 Bd4 33. Kf1 Bb6 34. Bc4 Rd8 35. Ke2 Bd3+ 36. Bxd3 1/2-1/2

[Event "Rostock SSC 07 op 10th"]
[Site "Rostock"]
[Date "2011.08.05"]
[Round "4"]
[White "Skibbe, Peter"]
[Black "Breuel, Steffen"]
[Result "1-0"]
[WhiteElo "1565"]
[BlackElo "1171"]
[PlyCount "67"]
[EventDate "2011.08.03"]
[EventType "swiss"]
[EventRounds "7"]
[EventCountry "GER"]
[SourceTitle "EXT 2017"]
[Source "ChessBase"]
[SourceDate "2016.10.25"]
[SourceVersion "1"]
[SourceVersionDate "2016.10.25"]
[SourceQuality "1"]

1. d4 d5 2. c4 Nc6 3. Nf3 Bg4 4. Bf4 e6 5. Nc3 Bb4 6. cxd5 Bxc3+ 7. bxc3 Bxf3 8. dxc6 Bxc6 9. Qc2 Nf6 10. Be5 Qe7 11. f3 0-0-0 12. e4 Rd7 13. Bg3 Qa3 14. Qb3 Qa5 15. Bd3 Nh5 16. 0-0 Nxg3 17. hxg3 h5 18. Rab1 b6 19. Qc4 Qg5 20. Qxc6 Qe3+ 21. Kh2 Rd6 22. Ba6+ Kd8 23. Qa8+ Ke7 24. Qxh8 e5 25. Qxg7 h4 26. Qxe5+ Kd8 27. gxh4 Rh6 28. Rbe1 Rxh4+ 29. Kg3 Qh6 30. Kf2 Rf4 31. Rh1 Qf6 32. Qxf6+ Rxf6 33. Rh8+ Ke7 34. Reh1 1-0

[Event "Rostock SSC 07 op 10th"]
[Site "Rostock"]
[Date "2011.08.03"]
[Round "1"]
[White "Breuel, Steffen"]
[Black "Pererva, Viktor"]
[Result "0-1"]
[WhiteElo "1171"]
[BlackElo "1978"]
[PlyCount "72"]
[EventDate "2011.08.03"]
[EventType "swiss"]
[EventRounds "7"]
[EventCountry "GER"]
[SourceTitle "EXT 2017"]
[Source "ChessBase"]
[SourceDate "2016.10.25"]
[SourceVersion "1"]
[SourceVersionDate "2016.10.25"]
[SourceQuality "1"]

1. d4 Nf6 2. Bg5 d5 3. Bxf6 gxf6 4. Nf3 Bf5 5. g3 Bg7 6. Bg2 c6 7. Nbd2 0-0 8. 0-0 Qd6 9. Nh4 Bg6 10. Nxg6 hxg6 11. e4 Rd8 12. c3 e5 13. f4 exd4 14. cxd4 dxe4 15. Nb3 f5 16. g4 Na6 17. Rc1 Bxd4+ 18. Nxd4 Qxd4+ 19. Qxd4 Rxd4 20. gxf5 gxf5 21. Rc3 Kg7 22. Rg3+ Kf6 23. Rb3 Nc5 24. Rh3 Rg8 25. Rh6+ Rg6 26. Rxg6+ fxg6 27. h4 Rd2 28. b4 Nd3 29. a3 Ra2 30. Rb1 Nxf4 31. Bf1 Rxa3 32. b5 e3 33. Rb2 Ra1 34. bxc6 bxc6 35. Rc2 e2 36. Rxc6+ Ke5 0-1

[Event "Rostock SSC 07 op 09th"]
[Site "Rostock"]
[Date "2010.08.14"]
[Round "5"]
[White "Breuel, Steffen"]
[Black "Moebius, Mathias"]
[Result "1/2-1/2"]
[WhiteElo "1152"]
[BlackElo "1243"]
[PlyCount "141"]
[EventDate "2010.08.11"]
[EventType "swiss"]
[EventRounds "7"]
[EventCountry "GER"]
[SourceTitle "EXT 2017"]
[Source "ChessBase"]
[SourceDate "2016.10.25"]
[SourceVersion "1"]
[SourceVersionDate "2016.10.25"]
[SourceQuality "1"]

1. d4 e6 2. e4 d5 3. Nc3 dxe4 4. Nxe4 b6 5. Nf3 Bb7 6. Bd3 Be7 7. 0-0 Nf6 8. Nxf6+ Bxf6 9. Be3 Nd7 10. Nd2 0-0 11. Qg4 Re8 12. Ne4 Rc8 13. Ng5 h6 14. Nf3 Bxf3 15. gxf3 Bg5 16. f4 f5 17. Qg2 Be7 18. d5 Nc5 19. Bc4 Bf6 20. Qg6 exd5 21. Rad1 c6 22. b4 Ne4 23. Bb3 Nc3 24. Rd3 Qd7 25. Bd2 Ne4 26. f3 Nxd2 27. Rxd2 b5 28. c4 Qf7 29. Qxf7+ Kxf7 30. cxd5 Bc3 31. d6+ Kf6 32. Rd3 Bxb4 33. Rfd1 Re1+ 34. Rxe1 Bxe1 35. d7 Rd8 36. Rd6+ Ke7 37. Re6+ Kxd7 38. Rxe1 Kc7 39. Re5 Rd3 40. Rxf5 Rxf3 41. Rf7+ Kb6 42. Kg2 Rd3 43. Rxg7 c5 44. Rg6+ Ka5 45. Rc6 Kb4 46. f5 c4 47. Rxh6 cxb3 48. axb3 a5 49. Ra6 Rd8 50. f6 Rf8 51. h4 Kxb3 52. Rxa5 b4 53. Rb5 Rxf6 54. Kg3 Rc6 55. Kg4 Kc3 56. Kf3 b3 57. Ke2 Kc2 58. h5 b2 59. Kf3 Rc4 60. Kg3 Rc3+ 61. Kg4 Rb3 62. Rc5+ Rc3 63. Rb5 b1Q 64. Rxb1 Kxb1 65. Kg5 Rc6 66. h6 Rc1 67. Kg6 Rg1+ 68. Kf7 Kc2 69. h7 Rh1 70. Kg7 Rxh7+ 71. Kxh7 1/2-1/2

[Event "Rostock op"]
[Site "Rostock"]
[Date "2009.08.29"]
[Round "5"]
[White "Schreiber, Nico"]
[Black "Breuel, Steffen"]
[Result "1-0"]
[WhiteElo "1844"]
[BlackElo "1054"]
[PlyCount "77"]
[EventDate "2009.08.27"]
[EventType "swiss"]
[EventRounds "7"]
[EventCountry "GER"]
[SourceTitle "CBM 132 Extra"]
[Source "ChessBase"]
[SourceDate "2009.11.03"]
[SourceVersion "1"]
[SourceVersionDate "2009.11.03"]
[SourceQuality "1"]

1. d4 Nf6 2. Bf4 e6 3. e3 c5 4. c3 Nc6 5. Nd2 d5 6. Ngf3 Bd6 7. Ne5 Qc7 8. Ndf3 Nh5 9. Bb5 Nxf4 10. exf4 0-0 11. g3 f6 12. Nxc6 bxc6 13. Bd3 cxd4 14. Nxd4 a6 15. Qc2 f5 16. 0-0 c5 17. Nf3 c4 18. Be2 Rf6 19. Rfe1 Bb7 20. Qd2 Rg6 21. Ne5 Bxe5 22. fxe5 Rf8 23. f4 Qc5+ 24. Qd4 Qe7 25. Kf2 Rh6 26. h4 Qc7 27. b3 cxb3 28. axb3 Qc6 29. b4 Rb8 30. Ra5 Bc8 31. Rea1 Qb6 32. Qxb6 Rxb6 33. Bxa6 Bd7 34. Be2 Kf7 35. Ra7 Ke7 36. Rc7 Kd8 37. Raa7 Bb5 38. Rxg7 Bxe2 39. Rg8# 1-0

[Event "Rostock op"]
[Site "Rostock"]
[Date "2009.08.27"]
[Round "2"]
[White "Raessler, Arndt"]
[Black "Breuel, Steffen"]
[Result "1-0"]
[WhiteElo "1839"]
[BlackElo "1054"]
[PlyCount "51"]
[EventDate "2009.08.27"]
[EventType "swiss"]
[EventRounds "7"]
[EventCountry "GER"]
[SourceTitle "CBM 132 Extra"]
[Source "ChessBase"]
[SourceDate "2009.11.03"]
[SourceVersion "1"]
[SourceVersionDate "2009.11.03"]
[SourceQuality "1"]

1. d4 Nf6 2. c4 e6 3. Nf3 c5 4. d5 d6 5. Nc3 Be7 6. e3 0-0 7. Be2 exd5 8. cxd5 Bf5 9. 0-0 Nbd7 10. Nd2 Rc8 11. Kh1 a6 12. a4 Ne5 13. a5 c4 14. e4 Bd7 15. f4 Nd3 16. Nxc4 Nxc1 17. Rxc1 Ne8 18. Nb6 Rc7 19. e5 g6 20. h3 Ng7 21. g4 dxe5 22. fxe5 Bc5 23. Ne4 Bxb6 24. axb6 Rxc1 25. Qxc1 Qxb6 26. Nf6+ 1-0